• 首页
  • 本馆介绍
  • 公告通知
  • 最新文献
  • 馆藏检索
  • 电子资源
  • 读者导购
  • 参考咨询
  • 我的图书馆
  • 登录
  • 详细信息显示
  • 放入我的书架
  • 预约/预借图书
  • 作者相关作品
  • 分类相关作品
  • 丛书相关作品
  • 出版社相关作品

书目信息

  • 表格格式
  • 工作单格式
  • 卡片格式
题名:
计数器及其逻辑设计
    
 
作者: 蔡惟铮 编
分册:  
出版信息: 北京   高等教育出版社  1985
页数: 137页
开本: 19cm
丛书名: 电子技术教学小丛书
单 册:
中图分类: TP332 , TP332.102
科图分类:
主题词: 计数器-逻辑设计 , 逻辑设计-计数器 , 电子数字计算机
电子资源:
ISBN:
000 00793nam2 2200289 45
001 0185019789
005 20060510093657.57
010    @dCNY0.96
091    @a15010.0569
100    @a19900923d1985 em y0chiy0121 ea
101 0  @achi
102    @aCN@b110000
105    @ay z 000yy
200 10 @a计数器及其逻辑设计@Aji shu qi ji qi luo ji she ji@f蔡惟铮编@Fcai wei zheng bian
210    @a北京@c高等教育出版社@d1985
215    @a137页@d19cm
225 2  @a电子技术教学小丛书
410  0 @120010@a电子技术教学小丛书
606    @a计数器-逻辑设计
606    @a逻辑设计-计数器
606 0  @a电子数字计算机
690    @aTP332
690    @aTP332.102@v3
701  0 @a蔡惟铮@Acai wei zheng@4编
801  2 @aCN@bNLC@c20060510
801  0 @aCN@b深圳图书馆@c20040520
905    @dTP332@e24
    
    计数器及其逻辑设计/蔡惟铮编.-北京:高等教育出版社,1985
    137页;19cm.-(电子技术教学小丛书)
    
    
    ISBN :CNY0.96
    
●
相关链接 在E读中查询图书 在五车中查询图书 在当当中查询图书 在豆瓣中查询图书


正题名:计数器及其逻辑设计     索取号:TP332/24         预约/预借

序号 登录号 条形码 馆藏地/架位号 状态 备注
1 0149030   001636199   密集书库/ [索取号:TP332/24] 在馆    
2 0149031   202317787   密集书库/ [索取号:TP332/24] 在馆    
3 0149032   202309288   密集书库/ [索取号:TP332/24] 在馆    
4 0149033   001636224   第三借阅区/ [索取号:TP332/24] 在馆    
5 0149034   202127796   第二样本阅览室/ [索取号:TP332/24] 在馆    
唐山师范学院图书馆 欢迎您!
大连网信软件有限公司© 版权所有